[Event "DVM U10 2023"]
[Site "Magdeburg GER"]
[Date "2023.12.29"]
[Round "6"]
[White "Giganov, Zakhar"]
[Black "Varazi, Maxime"]
[Result "0-1"]
[Termination "normal"]
[Board "7.2"]
[WhiteElo "973"]
[BlackElo "1127"]
[WhiteClock "00:10:37"]
[BlackClock "00:20:00"]
[WhiteTeam "Düsseldorfer SK 14/25"]
[BlackTeam "TSG Oberschöneweide"]
[PlyCount "182"]
[WhiteFideId "34676511"]
[BlackFideId "34618929"]
[EventCountry "GER"]
[EventRounds "7"]
[EventType "team-swiss"]
[EventDate "2023.12.27"]

1. e4 {[%clk 00:55:06]} {[%emt 00:00:03]} c5 {[%clk 00:54:44]} {[%emt
00:00:27]} 2. c3 {[%clk 00:54:49]} {[%emt 00:00:21]} d5 {[%clk 00:54:38]}
{[%emt 00:00:11]} 3. Bb5+ {[%clk 00:54:19]} {[%emt 00:00:34]} Nc6 {[%clk
00:54:27]} {[%emt 00:00:17]} 4. exd5 {[%clk 00:53:58]} {[%emt 00:00:25]} Qxd5
{[%clk 00:54:18]} {[%emt 00:00:14]} 5. Nf3 {[%clk 00:53:50]} {[%emt 00:00:13]}
Nf6 {[%clk 00:54:11]} {[%emt 00:00:13]} 6. O-O {[%clk 00:53:27]} {[%emt
00:00:28]} g6 {[%clk 00:53:53]} {[%emt 00:00:23]} 7. d4 {[%clk 00:53:14]}
{[%emt 00:00:18]} a6 {[%clk 00:53:41]} {[%emt 00:00:18]} 8. Bxc6+ {[%clk
00:53:06]} {[%emt 00:00:11]} bxc6 {[%clk 00:53:38]} {[%emt 00:00:09]} 9. Bg5
{[%clk 00:52:39]} {[%emt 00:00:32]} Bg7 {[%clk 00:53:34]} {[%emt 00:00:09]} 10.
Re1 {[%clk 00:51:36]} {[%emt 00:01:07]} Be6 {[%clk 00:53:18]} {[%emt 00:00:22]}
11. Be3 {[%clk 00:50:30]} {[%emt 00:01:11]} O-O {[%clk 00:53:07]} {[%emt
00:00:16]} 12. Nbd2 {[%clk 00:50:23]} {[%emt 00:00:12]} cxd4 {[%clk 00:52:33]}
{[%emt 00:00:39]} 13. Bxd4 {[%clk 00:49:54]} {[%emt 00:00:33]} Qb5 {[%clk
00:47:57]} {[%emt 00:04:42]} 14. b4 {[%clk 00:47:57]} {[%emt 00:02:03]} Qh5
{[%clk 00:43:54]} {[%emt 00:04:08]} 15. Ne5 {[%clk 00:40:09]} {[%emt 00:07:52]}
Ng4 {[%clk 00:39:36]} {[%emt 00:04:23]} 16. Nxg4 {[%clk 00:39:30]} {[%emt
00:00:43]} Bxg4 {[%clk 00:32:52]} {[%emt 00:06:50]} 17. Nf3 {[%clk 00:38:46]}
{[%emt 00:00:49]} Bxf3 {[%clk 00:32:36]} {[%emt 00:00:21]} 18. Qxf3 {[%clk
00:38:28]} {[%emt 00:00:22]} Qxf3 {[%clk 00:32:35]} {[%emt 00:00:07]} 19. gxf3
{[%clk 00:38:18]} {[%emt 00:00:13]} Bxd4 {[%clk 00:32:32]} {[%emt 00:00:10]}
20. cxd4 {[%clk 00:38:12]} {[%emt 00:00:10]} e6 {[%clk 00:32:27]} {[%emt
00:00:12]} 21. a3 {[%clk 00:37:56]} {[%emt 00:00:20]} Rfd8 {[%clk 00:32:24]}
{[%emt 00:00:07]} 22. Re4 {[%clk 00:37:34]} {[%emt 00:00:27]} Rd6 {[%clk
00:32:19]} {[%emt 00:00:11]} 23. Kg2 {[%clk 00:36:53]} {[%emt 00:00:46]} Rad8
{[%clk 00:32:05]} {[%emt 00:00:20]} 24. Rd1 {[%clk 00:36:23]} {[%emt 00:00:34]}
f6 {[%clk 00:31:49]} {[%emt 00:00:21]} 25. Rde1 {[%clk 00:35:56]} {[%emt
00:00:32]} Kf7 {[%clk 00:31:46]} {[%emt 00:00:09]} 26. Kg3 {[%clk 00:35:20]}
{[%emt 00:00:40]} R8d7 {[%clk 00:31:31]} {[%emt 00:00:20]} 27. f4 {[%clk
00:34:21]} {[%emt 00:01:03]} f5 {[%clk 00:28:56]} {[%emt 00:02:41]} 28. Re5
{[%clk 00:34:03]} {[%emt 00:00:23]} Re7 {[%clk 00:28:12]} {[%emt 00:00:49]} 29.
Rd1 {[%clk 00:33:50]} {[%emt 00:00:18]} Rd5 {[%clk 00:28:03]} {[%emt 00:00:14]}
30. Re2 {[%clk 00:33:32]} {[%emt 00:00:23]} a5 {[%clk 00:27:36]} {[%emt
00:00:33]} 31. bxa5 {[%clk 00:32:45]} {[%emt 00:00:50]} Rxa5 {[%clk 00:27:37]}
{[%emt 00:00:06]} 32. Rc2 {[%clk 00:32:20]} {[%emt 00:00:30]} Rxa3+ {[%clk
00:27:09]} {[%emt 00:00:32]} 33. Kg2 {[%clk 00:31:55]} {[%emt 00:00:28]} Ra6
{[%clk 00:27:04]} {[%emt 00:00:11]} 34. Rdc1 {[%clk 00:31:34]} {[%emt
00:00:27]} Ra4 {[%clk 00:26:26]} {[%emt 00:00:43]} 35. Rxc6 {[%clk 00:30:45]}
{[%emt 00:00:53]} Rxd4 {[%clk 00:25:48]} {[%emt 00:00:45]} 36. Rc7 {[%clk
00:30:39]} {[%emt 00:00:10]} Rdd7 {[%clk 00:25:37]} {[%emt 00:00:16]} 37. Rxd7
{[%clk 00:30:17]} {[%emt 00:00:27]} Rxd7 {[%clk 00:25:16]} {[%emt 00:00:26]}
38. Kg3 {[%clk 00:29:41]} {[%emt 00:00:41]} Kf6 {[%clk 00:25:01]} {[%emt
00:00:20]} 39. Rc8 {[%clk 00:29:31]} {[%emt 00:00:14]} e5 {[%clk 00:24:26]}
{[%emt 00:00:41]} 40. fxe5+ {[%clk 00:29:10]} {[%emt 00:00:24]} Kxe5 {[%clk
00:24:06]} {[%emt 00:00:27]} 41. f3 {[%clk 00:28:46]} {[%emt 00:00:30]} Kf6
{[%clk 00:24:05]} {[%emt 00:00:06]} 42. Rc4 {[%clk 00:28:05]} {[%emt 00:00:45]}
h5 {[%clk 00:23:36]} {[%emt 00:00:34]} 43. h4 {[%clk 00:27:51]} {[%emt
00:00:18]} Rd6 {[%clk 00:23:27]} {[%emt 00:00:15]} 44. Kf4 {[%clk 00:27:25]}
{[%emt 00:00:31]} Ra6 {[%clk 00:23:18]} {[%emt 00:00:14]} 45. Rb4 {[%clk
00:25:17]} {[%emt 00:02:13]} Ra1 {[%clk 00:22:45]} {[%emt 00:00:38]} 46. Rb6+
{[%clk 00:25:14]} {[%emt 00:00:08]} Kg7 {[%clk 00:22:38]} {[%emt 00:00:12]} 47.
Kg5 {[%clk 00:24:25]} {[%emt 00:00:53]} Rg1+ {[%clk 00:22:18]} {[%emt
00:00:25]} 48. Kf4 {[%clk 00:24:24]} {[%emt 00:00:06]} Kh6 {[%clk 00:22:20]}
{[%emt 00:00:04]} 49. Rf6 {[%clk 00:24:15]} {[%emt 00:00:14]} Ra1 {[%clk
00:22:10]} {[%emt 00:00:15]} 50. Kg3 {[%clk 00:23:32]} {[%emt 00:00:48]} Ra4
{[%clk 00:22:03]} {[%emt 00:00:13]} 51. f4 {[%clk 00:23:31]} {[%emt 00:00:05]}
Ra1 {[%clk 00:21:56]} {[%emt 00:00:12]} 52. Kg2 {[%clk 00:23:22]} {[%emt
00:00:13]} Re1 {[%clk 00:21:57]} {[%emt 00:00:05]} 53. Kf2 {[%clk 00:22:58]}
{[%emt 00:00:28]} Rh1 {[%clk 00:21:56]} {[%emt 00:00:06]} 54. Kg3 {[%clk
00:22:58]} {[%emt 00:00:06]} Rg1+ {[%clk 00:21:57]} {[%emt 00:00:04]} 55. Kf3
{[%clk 00:21:55]} {[%emt 00:01:08]} Rg4 {[%clk 00:21:56]} {[%emt 00:00:05]} 56.
Ra6 {[%clk 00:21:48]} {[%emt 00:00:13]} Rxh4 {[%clk 00:21:57]} {[%emt
00:00:05]} 57. Ra1 {[%clk 00:21:07]} {[%emt 00:00:45]} Rh2 {[%clk 00:21:39]}
{[%emt 00:00:23]} 58. Kg3 {[%clk 00:20:46]} {[%emt 00:00:25]} Rd2 {[%clk
00:21:37]} {[%emt 00:00:08]} 59. Ra7 {[%clk 00:20:20]} {[%emt 00:00:32]} Rd4
{[%clk 00:21:35]} {[%emt 00:00:05]} 60. Ra8 {[%clk 00:18:49]} {[%emt 00:01:37]}
h4+ {[%clk 00:21:18]} {[%emt 00:00:22]} 61. Kf3 {[%clk 00:17:40]} {[%emt
00:01:09]} h3 {[%clk 00:20:24]} {[%emt 00:01:04]} 62. Rh8+ {[%clk 00:17:35]}
{[%emt 00:00:10]} Kg7 {[%clk 00:20:25]} {[%emt 00:00:04]} 63. Rxh3 {[%clk
00:17:29]} {[%emt 00:00:11]} Rd3+ {[%clk 00:20:26]} {[%emt 00:00:04]} 64. Kg2
{[%clk 00:17:15]} {[%emt 00:00:19]} Rxh3 {[%clk 00:20:26]} {[%emt 00:00:06]}
65. Kxh3 {[%clk 00:17:06]} {[%emt 00:00:13]} Kf7 {[%clk 00:20:17]} {[%emt
00:00:14]} 66. Kh4 {[%clk 00:16:35]} {[%emt 00:00:36]} Kf6 {[%clk 00:20:18]}
{[%emt 00:00:04]} 67. Kg3 {[%clk 00:16:25]} {[%emt 00:00:15]} Ke6 {[%clk
00:20:20]} {[%emt 00:00:04]} 68. Kf3 {[%clk 00:16:08]} {[%emt 00:00:21]} Kd5
{[%clk 00:20:17]} {[%emt 00:00:08]} 69. Ke3 {[%clk 00:15:46]} {[%emt 00:00:27]}
Kc4 {[%clk 00:20:13]} {[%emt 00:00:09]} 70. Ke2 {[%clk 00:14:46]} {[%emt
00:01:05]} Kd4 {[%clk 00:20:15]} {[%emt 00:00:04]} 71. Kf3 {[%clk 00:14:40]}
{[%emt 00:00:10]} Kd3 {[%clk 00:20:17]} {[%emt 00:00:03]} 72. Kf2 {[%clk
00:14:04]} {[%emt 00:00:41]} Ke4 {[%clk 00:20:08]} {[%emt 00:00:14]} 73. Kg3
{[%clk 00:13:52]} {[%emt 00:00:18]} Ke3 {[%clk 00:20:08]} {[%emt 00:00:04]} 74.
Kh4 {[%clk 00:13:37]} {[%emt 00:00:19]} Kxf4 {[%clk 00:20:08]} {[%emt
00:00:06]} 75. Kh3 {[%clk 00:13:32]} {[%emt 00:00:10]} g5 {[%clk 00:20:08]}
{[%emt 00:00:04]} 76. Kh2 {[%clk 00:13:24]} {[%emt 00:00:13]} Kf3 {[%clk
00:20:10]} {[%emt 00:00:05]} 77. Kh3 {[%clk 00:12:54]} {[%emt 00:00:33]} f4
{[%clk 00:20:11]} {[%emt 00:00:04]} 78. Kh2 {[%clk 00:12:45]} {[%emt 00:00:15]}
g4 {[%clk 00:20:09]} {[%emt 00:00:07]} 79. Kg1 {[%clk 00:12:33]} {[%emt
00:00:17]} g3 {[%clk 00:20:10]} {[%emt 00:00:04]} 80. Kf1 {[%clk 00:12:05]}
{[%emt 00:00:34]} g2+ {[%clk 00:20:02]} {[%emt 00:00:12]} 81. Kg1 {[%clk
00:11:58]} {[%emt 00:00:11]} Ke2 {[%clk 00:20:02]} {[%emt 00:00:06]} 82. Kxg2
{[%clk 00:11:47]} {[%emt 00:00:16]} f3 {[%clk 00:20:04]} {[%emt 00:00:04]} 83.
Kg3 {[%clk 00:11:45]} {[%emt 00:00:07]} f2 {[%clk 00:20:03]} {[%emt 00:00:05]}
84. Kg4 {[%clk 00:11:42]} {[%emt 00:00:08]} f1=Q {[%clk 00:20:01]} {[%emt
00:00:07]} 85. Kg3 {[%clk 00:11:37]} {[%emt 00:00:10]} Qf5 {[%clk 00:19:58]}
{[%emt 00:00:08]} 86. Kh4 {[%clk 00:11:23]} {[%emt 00:00:19]} Qg6 {[%clk
00:19:57]} {[%emt 00:00:05]} 87. Kh3 {[%clk 00:11:19]} {[%emt 00:00:09]} Kf2
{[%clk 00:19:53]} {[%emt 00:00:09]} 88. Kh4 {[%clk 00:11:09]} {[%emt 00:00:15]}
Kf3 {[%clk 00:19:55]} {[%emt 00:00:05]} 89. Kh3 {[%clk 00:11:03]} {[%emt
00:00:10]} Qg4 {[%clk 00:19:56]} {[%emt 00:00:04]} 90. Kh2 {[%clk 00:10:51]}
{[%emt 00:00:16]} Qg3+ {[%clk 00:20:00]} {[%emt 00:00:02]} 91. Kh1 {[%clk
00:10:37]} {[%emt 00:00:19]} Qg2# {[%emt 00:00:01]} 0-1

[Event "DVM U10 2023"]
[Site "Magdeburg GER"]
[Date "2023.12.29"]
[Round "6"]
[White "Hantke, Florian"]
[Black "Kurakin, Martin"]
[Result "1-0"]
[Termination "normal"]
[Board "7.3"]
[WhiteElo "1095"]
[BlackElo "1064"]
[WhiteClock "00:37:36"]
[BlackClock "00:32:08"]
[WhiteTeam "TSG Oberschöneweide"]
[BlackTeam "Düsseldorfer SK 14/25"]
[PlyCount "89"]
[WhiteFideId "34638962"]
[BlackFideId "4519949"]
[EventCountry "GER"]
[EventRounds "7"]
[EventType "team-swiss"]
[EventDate "2023.12.27"]

1. e4 {[%emt 00:00:27]} c5 {[%clk 00:54:43]} {[%emt 00:00:11]} 2. Nf3 {[%clk
00:54:54]} {[%emt 00:00:10]} d6 {[%clk 00:54:39]} {[%emt 00:00:09]} 3. d4
{[%clk 00:54:35]} {[%emt 00:00:24]} cxd4 {[%clk 00:54:34]} {[%emt 00:00:09]} 4.
Nxd4 {[%clk 00:54:31]} {[%emt 00:00:09]} Nf6 {[%clk 00:54:26]} {[%emt
00:00:13]} 5. Nc3 {[%clk 00:54:12]} {[%emt 00:00:25]} e6 {[%clk 00:53:31]}
{[%emt 00:01:00]} 6. Bg5 {[%clk 00:53:47]} {[%emt 00:00:30]} Be7 {[%clk
00:53:24]} {[%emt 00:00:12]} 7. Bb5+ {[%clk 00:53:25]} {[%emt 00:00:28]} Bd7
{[%clk 00:53:06]} {[%emt 00:00:23]} 8. Bxd7+ {[%clk 00:51:50]} {[%emt
00:01:39]} Nbxd7 {[%clk 00:52:59]} {[%emt 00:00:12]} 9. O-O {[%clk 00:51:16]}
{[%emt 00:00:39]} O-O {[%clk 00:53:02]} {[%emt 00:00:03]} 10. Nf3 {[%clk
00:50:46]} {[%emt 00:00:35]} Rc8 {[%clk 00:52:53]} {[%emt 00:00:13]} 11. Re1
{[%clk 00:50:24]} {[%emt 00:00:28]} Qb6 {[%clk 00:49:44]} {[%emt 00:03:13]} 12.
Rb1 {[%clk 00:46:07]} {[%emt 00:04:22]} Ng4 {[%clk 00:49:38]} {[%emt 00:00:11]}
13. Qd2 {[%clk 00:45:05]} {[%emt 00:01:08]} Bxg5 {[%clk 00:49:03]} {[%emt
00:00:40]} 14. Nxg5 {[%clk 00:44:59]} {[%emt 00:00:11]} d5 {[%emt 00:05:44]}
15. exd5 {[%clk 00:44:32]} {[%emt 00:00:30]} Qd6 {[%clk 00:43:11]} {[%emt
00:00:18]} 16. Nf3 {[%clk 00:44:00]} {[%emt 00:00:39]} exd5 {[%clk 00:41:50]}
{[%emt 00:01:26]} 17. h3 {[%clk 00:43:20]} {[%emt 00:00:44]} Nge5 {[%clk
00:41:34]} {[%emt 00:00:22]} 18. Nxe5 {[%clk 00:42:40]} {[%emt 00:00:44]} Nxe5
{[%clk 00:41:31]} {[%emt 00:00:09]} 19. Qxd5 {[%clk 00:42:39]} {[%emt
00:00:06]} Qxd5 {[%clk 00:40:57]} {[%emt 00:00:38]} 20. Nxd5 {[%clk 00:42:40]}
{[%emt 00:00:05]} Ng6 {[%clk 00:40:45]} {[%emt 00:00:16]} 21. c3 {[%clk
00:42:09]} {[%emt 00:00:37]} h6 {[%clk 00:39:08]} {[%emt 00:01:40]} 22. Re7
{[%clk 00:40:20]} {[%emt 00:01:55]} Kh7 {[%clk 00:38:57]} {[%emt 00:00:16]} 23.
Rxb7 {[%clk 00:40:18]} {[%emt 00:00:07]} Rc5 {[%clk 00:37:28]} {[%emt
00:01:34]} 24. Ne3 {[%clk 00:39:44]} {[%emt 00:00:39]} Ra5 {[%clk 00:37:10]}
{[%emt 00:00:23]} 25. a3 {[%clk 00:39:26]} {[%emt 00:00:23]} f5 {[%clk
00:35:43]} {[%emt 00:01:31]} 26. Rd1 {[%clk 00:38:19]} {[%emt 00:01:12]} f4
{[%clk 00:35:31]} {[%emt 00:00:17]} 27. Ng4 {[%clk 00:38:11]} {[%emt 00:00:14]}
f3 {[%clk 00:34:49]} {[%emt 00:00:47]} 28. Rdd7 {[%clk 00:37:59]} {[%emt
00:00:16]} Rg8 {[%clk 00:34:27]} {[%emt 00:00:28]} 29. Nf6+ {[%clk 00:38:00]}
{[%emt 00:00:04]} Kh8 {[%clk 00:34:19]} {[%emt 00:00:13]} 30. Nxg8 {[%clk
00:38:00]} {[%emt 00:00:05]} Kxg8 {[%clk 00:33:50]} {[%emt 00:00:34]} 31. Rxg7+
{[%clk 00:38:00]} {[%emt 00:00:05]} Kf8 {[%emt 00:00:27]} 32. Rxg6 {[%emt
00:00:06]} fxg2 {[%clk 00:33:05]} {[%emt 00:00:15]} 33. Rc6 {[%clk 00:37:48]}
{[%emt 00:00:20]} Re5 {[%clk 00:33:00]} {[%emt 00:00:10]} 34. Rc8+ {[%clk
00:37:48]} {[%emt 00:00:05]} Re8 {[%clk 00:32:59]} {[%emt 00:00:06]} 35. Rxe8+
{[%clk 00:37:50]} {[%emt 00:00:03]} Kxe8 {[%clk 00:32:55]} {[%emt 00:00:08]}
36. Kxg2 {[%clk 00:37:51]} {[%emt 00:00:05]} a5 {[%clk 00:32:43]} {[%emt
00:00:15]} 37. Kf3 {[%clk 00:37:50]} {[%emt 00:00:07]} h5 {[%clk 00:32:18]}
{[%emt 00:00:28]} 38. Kf4 {[%clk 00:37:49]} {[%emt 00:00:08]} h4 {[%clk
00:32:17]} {[%emt 00:00:06]} 39. Ke5 {[%clk 00:37:50]} {[%emt 00:00:05]} a4
{[%clk 00:32:13]} {[%emt 00:00:08]} 40. Ke6 {[%clk 00:37:50]} {[%emt 00:00:06]}
Kd8 {[%clk 00:32:11]} {[%emt 00:00:06]} 41. Rh7 {[%clk 00:37:50]} {[%emt
00:00:05]} Kc8 {[%clk 00:32:08]} {[%emt 00:00:08]} 42. Kd6 {[%clk 00:37:38]}
{[%emt 00:00:18]} Kb8 {[%clk 00:32:03]} {[%emt 00:00:10]} 43. Kc6 {[%clk
00:37:40]} {[%emt 00:00:03]} Ka8 {[%clk 00:32:06]} {[%emt 00:00:02]} 44. Kb6
{[%clk 00:37:36]} {[%emt 00:00:08]} Kb8 {[%clk 00:32:08]} {[%emt 00:00:03]} 45.
Rh8# {[%emt 00:00:07]} 1-0

[Event "DVM U10 2023"]
[Site "Magdeburg GER"]
[Date "2023.12.29"]
[Round "6"]
[White "Michelson, Nathan"]
[Black "Le, Nhat Vinh"]
[Result "0-1"]
[Termination "normal"]
[Board "7.4"]
[WhiteElo "991"]
[BlackElo "973"]
[WhiteClock "00:37:41"]
[BlackClock "00:20:57"]
[WhiteTeam "Düsseldorfer SK 14/25"]
[BlackTeam "TSG Oberschöneweide"]
[PlyCount "128"]
[WhiteFideId "34648372"]
[EventCountry "GER"]
[EventRounds "7"]
[EventType "team-swiss"]
[EventDate "2023.12.27"]

1. e4 {[%clk 00:55:09]} {[%emt 00:02:06]} c6 {[%clk 00:55:01]} {[%emt
00:00:12]} 2. Nf3 {[%clk 00:55:07]} {[%emt 00:00:07]} d5 {[%clk 00:54:59]}
{[%emt 00:00:06]} 3. d3 {[%clk 00:55:07]} {[%emt 00:00:05]} Bg4 {[%clk
00:54:27]} {[%emt 00:00:38]} 4. exd5 {[%clk 00:54:53]} {[%emt 00:00:19]} cxd5
{[%clk 00:54:24]} {[%emt 00:00:08]} 5. d4 {[%clk 00:54:16]} {[%emt 00:00:41]}
Nc6 {[%clk 00:54:08]} {[%emt 00:00:22]} 6. h3 {[%clk 00:54:00]} {[%emt
00:00:19]} Bh5 {[%clk 00:54:08]} {[%emt 00:00:06]} 7. g4 {[%clk 00:53:57]}
{[%emt 00:00:08]} Bg6 {[%clk 00:54:09]} {[%emt 00:00:04]} 8. c4 {[%clk
00:53:47]} {[%emt 00:00:15]} e6 {[%clk 00:53:38]} {[%emt 00:00:36]} 9. Nh4
{[%clk 00:51:56]} {[%emt 00:01:55]} Qxh4 {[%clk 00:52:56]} {[%emt 00:00:48]}
10. Be3 {[%clk 00:51:32]} {[%emt 00:00:29]} Qd8 {[%clk 00:51:05]} {[%emt
00:01:56]} 11. h4 {[%clk 00:50:47]} {[%emt 00:00:50]} h6 {[%clk 00:50:32]}
{[%emt 00:00:39]} 12. cxd5 {[%clk 00:50:23]} {[%emt 00:00:29]} exd5 {[%clk
00:49:42]} {[%emt 00:00:55]} 13. Qe2 {[%clk 00:50:20]} {[%emt 00:00:07]} Qa5+
{[%clk 00:43:35]} {[%emt 00:06:12]} 14. Bd2+ {[%clk 00:50:12]} {[%emt
00:00:12]} Be7 {[%clk 00:41:00]} {[%emt 00:02:41]} 15. Bxa5 {[%clk 00:50:08]}
{[%emt 00:00:09]} Nxa5 {[%emt 00:00:11]} 16. Qb5+ {[%clk 00:50:06]} Nc6 {[%clk
00:40:51]} {[%emt 00:00:15]} 17. Qxd5 {[%clk 00:50:03]} {[%emt 00:00:06]} Nf6
{[%clk 00:40:03]} {[%emt 00:00:54]} 18. Bc4 {[%clk 00:49:59]} {[%emt 00:00:09]}
Nxd5 {[%clk 00:40:01]} {[%emt 00:00:08]} 19. Bxd5 {[%emt 00:00:10]} O-O-O
{[%clk 00:39:49]} {[%emt 00:00:54]} 20. O-O {[%clk 00:49:46]} {[%emt 00:00:14]}
Rxd5 {[%clk 00:39:40]} {[%emt 00:00:15]} 21. h5 {[%emt 00:00:14]} Be4 {[%clk
00:39:31]} {[%emt 00:00:09]} 22. Re1 {[%clk 00:49:39]} {[%emt 00:00:07]} Bf3
{[%clk 00:39:02]} {[%emt 00:00:35]} 23. Nc3 {[%clk 00:49:33]} {[%emt 00:00:11]}
Rxd4 {[%clk 00:38:08]} {[%emt 00:00:58]} 24. Nb5 {[%clk 00:49:09]} {[%emt
00:00:28]} Rxg4+ {[%clk 00:37:48]} {[%emt 00:00:26]} 25. Kh2 {[%clk 00:49:03]}
{[%emt 00:00:09]} Rh4+ {[%clk 00:37:20]} {[%emt 00:00:35]} 26. Kg3 {[%clk
00:49:03]} {[%emt 00:00:06]} Bxh5 {[%clk 00:37:13]} {[%emt 00:00:11]} 27. Rac1
{[%clk 00:48:55]} {[%emt 00:00:12]} Kd7 {[%clk 00:35:42]} {[%emt 00:01:38]} 28.
Rxe7+ {[%clk 00:48:39]} {[%emt 00:00:20]} Kxe7 {[%clk 00:35:30]} {[%emt
00:00:18]} 29. Kxh4 {[%clk 00:48:35]} {[%emt 00:00:08]} Bg6 {[%clk 00:35:23]}
{[%emt 00:00:13]} 30. Re1+ {[%clk 00:48:27]} {[%emt 00:00:12]} Kf6 {[%clk
00:35:02]} {[%emt 00:00:27]} 31. Nc7 {[%clk 00:48:16]} {[%emt 00:00:15]} Rc8
{[%clk 00:31:56]} {[%emt 00:03:11]} 32. Nd5+ {[%clk 00:47:58]} {[%emt
00:00:23]} Kf5 {[%clk 00:31:19]} {[%emt 00:00:42]} 33. f3 {[%clk 00:46:48]}
{[%emt 00:01:15]} Rd8 {[%clk 00:30:27]} {[%emt 00:00:57]} 34. Ne3+ {[%clk
00:46:25]} {[%emt 00:00:28]} Kf4 {[%clk 00:29:14]} {[%emt 00:01:18]} 35. Ng2+
{[%clk 00:46:00]} {[%emt 00:00:30]} Kxf3 {[%clk 00:29:00]} {[%emt 00:00:20]}
36. Kh3 {[%clk 00:45:16]} {[%emt 00:00:45]} Bf5 {[%clk 00:27:28]} {[%emt
00:01:40]} 37. Kh2 {[%clk 00:45:07]} {[%emt 00:00:13]} Rd2 {[%clk 00:26:53]}
{[%emt 00:00:41]} 38. Re3+ {[%clk 00:44:26]} {[%emt 00:00:46]} Kg4 {[%clk
00:25:31]} {[%emt 00:01:27]} 39. Rg3+ {[%clk 00:44:20]} {[%emt 00:00:11]} Kh5
{[%emt 00:00:53]} 40. Kh1 {[%clk 00:43:46]} {[%emt 00:00:33]} g6 {[%clk
00:24:18]} {[%emt 00:02:57]} 41. Nf4+ {[%clk 00:42:51]} {[%emt 00:01:00]} Kh4
{[%clk 00:24:00]} {[%emt 00:00:24]} 42. Rg1 {[%clk 00:42:12]} {[%emt 00:00:41]}
Be4+ {[%clk 00:23:30]} {[%emt 00:00:38]} 43. Ng2+ {[%clk 00:41:38]} {[%emt
00:00:38]} Bxg2+ {[%clk 00:23:24]} {[%emt 00:00:12]} 44. Rxg2 {[%emt 00:00:14]}
Rxg2 {[%clk 00:23:23]} {[%emt 00:00:04]} 45. Kxg2 {[%clk 00:41:27]} {[%emt
00:00:08]} Kg4 {[%clk 00:23:17]} {[%emt 00:00:12]} 46. Kf2 {[%clk 00:41:20]}
{[%emt 00:00:07]} h5 {[%clk 00:23:11]} {[%emt 00:00:15]} 47. Kg2 {[%clk
00:41:14]} {[%emt 00:00:10]} f5 {[%clk 00:23:08]} {[%emt 00:00:10]} 48. Kf2
{[%clk 00:41:07]} {[%emt 00:00:12]} g5 {[%clk 00:22:56]} {[%emt 00:00:16]} 49.
Kg2 {[%clk 00:41:06]} {[%emt 00:00:06]} b5 {[%clk 00:22:48]} {[%emt 00:00:15]}
50. a3 {[%clk 00:40:55]} {[%emt 00:00:14]} a5 {[%clk 00:22:42]} {[%emt
00:00:11]} 51. Kg1 {[%clk 00:40:38]} {[%emt 00:00:21]} Kg3 {[%clk 00:22:31]}
{[%emt 00:00:17]} 52. Kh1 {[%clk 00:40:35]} {[%emt 00:00:08]} a4 {[%clk
00:22:15]} {[%emt 00:00:22]} 53. Kg1 {[%clk 00:40:10]} {[%emt 00:00:27]} b4
{[%clk 00:22:12]} {[%emt 00:00:10]} 54. axb4 {[%clk 00:40:08]} {[%emt
00:00:07]} Nxb4 {[%clk 00:22:11]} {[%emt 00:00:06]} 55. Kh1 {[%clk 00:40:06]}
{[%emt 00:00:07]} Nd3 {[%clk 00:22:09]} {[%emt 00:00:08]} 56. Kg1 {[%clk
00:40:05]} {[%emt 00:00:05]} Nxb2 {[%clk 00:22:05]} {[%emt 00:00:10]} 57. Kh1
{[%clk 00:40:02]} {[%emt 00:00:06]} a3 {[%clk 00:21:58]} {[%emt 00:00:14]} 58.
Kg1 {[%clk 00:39:54]} {[%emt 00:00:11]} a2 {[%clk 00:21:57]} {[%emt 00:00:07]}
59. Kf1 {[%clk 00:39:54]} {[%emt 00:00:05]} a1=Q+ {[%clk 00:21:50]} {[%emt
00:00:13]} 60. Ke2 {[%clk 00:39:46]} {[%emt 00:00:12]} Qa3 {[%clk 00:21:37]}
{[%emt 00:00:14]} 61. Kd2 {[%clk 00:38:27]} {[%emt 00:01:59]} Qb3 {[%clk
00:21:13]} {[%emt 00:00:30]} 62. Ke2 {[%clk 00:37:53]} {[%emt 00:00:36]} Qd3+
{[%clk 00:21:11]} {[%emt 00:00:11]} 63. Ke1 {[%clk 00:37:46]} {[%emt 00:00:10]}
Qe3+ {[%clk 00:20:57]} {[%emt 00:00:21]} 64. Kf1 {[%clk 00:37:41]} {[%emt
00:00:09]} Qf2# {[%emt 00:00:05]} 0-1